Statistics for Formula 1 drivers with only 1 win!

Click here to take the quiz!

General Stats

  • This quiz has been taken 340 times
    (192 since last reset)
  • The average score is 12 of 25

Answer Stats

NationalityCar drivenAnswer% Correct
FranceAlpineEsteban Ocon
99%
FranceAlpha TauriPierre Gasly
99%
PolandBMW-SauberRobert Kubica
89%
VenezuelaWilliamsPastor Maldonado
87%
FinlandMcLarenHeikki Kovalainen
81%
ItalyRenaultJarno Trulli
75%
FranceFerrariJean Alesi
70%
FranceLigierOlivier Panis
59%
ItalyBenettonAlessandro Nannini
47%
FranceTyrrellFrancois Cevert
40%
GermanyMcLarenJochen Mass
40%
BrazilBrabhamCarlos Pace
39%
SwedenLotusGunnar Nilsson
38%
ItalyAlfa RomeoLuigi Fagioli
38%
ItalyMarchVittorio Brambilla
34%
ItalyFerrariLuigi Musso
33%
ItalyFerrariGiancarlo Baghetti
30%
SwedenBRMJoakim Bonnier
30%
USAHondaRichie Ginther
30%
ItalyFerrariPiero Taruffi
29%
ItalyFerrariLorenzo Bandini
28%
ItalyFerrariLudovico Scarfiotti
26%
UKBRMPeter Gethin
26%
FranceBRMJean-Pierre Beltoise
25%
UKLotusInnes Ireland
20%

Score Distribution

Percentile by Number Answered

Percent of People with Each Score

Your Score History

You have not taken this quiz since the last reset